00875nam a2200253 i 4500003000900000005001700009007000300026008004100029040003000070041000800100082001900108110002800127240001800155245011700173264005700290300002600347336002700373337003300400338002800433650004600461650004200507650003300549651003900582DO-SdBNP20250722082350.0ta250722b2009 dr ||||| |||| 00| 0 spa d aDO-SdBNPbspacBNPHUerda aspa 4axxxbR426L2221 aRepública Dominicana.12a[Leyes, etc.]10aLey No. 479-08 :bley general de las sociedades comerciales y empresas individuales de responsabilidad limitada  1aSanto Domingo :bSuperintendencia de valores,c2009. a273 paginas ;c22 cm. atextobtxt2rdacontent asin mediaciónbn2rdamedia avolumenbnc2rdacarrier 4aDerecho comercialzRepública Dominicana 4aSociedades comercialesxLegislación 4aCompañíasxLegislación 4aRepública DominicanaxLey 479-08